000 00812cab a2200325 4500
001 WB2419-12
008 090401t1988 xxu||||| |||| 00| 0 eng d
035 _a(Sirsi) u11852
041 _aeng
245 _aPrices in Scotland
260 _c1988
350 _a0
490 _aScotsman
_v12/5/88 p1
520 _aComments on the housing market in Scotland `s major cities. Includes house price statistics.
650 _aABERDEEN
650 _aDUNDEE
650 _aEDINBURGH
650 _aELGIN
650 _aFALKIRK
650 _aGLASGOW
650 _aHAMILTON
650 _aINVERNESS
650 _aKILMARNOCK
650 _aKIRKCALDY
650 _aPAISLEY
650 _aPERTH
690 _aPROPERTY-RESIDENTIAL PROPERTY-RESIDENTIAL PROPERTY MARKET
942 _n0
948 _c04/03/1997
999 _c7572
_d7572